LEADER 02257nam 2200529 a 450 001 9910458582403321 005 20200520144314.0 010 $a93-5044-103-9 010 $a1-4416-9693-8 035 $a(CKB)2560000000052471 035 $a(EBL)618251 035 $a(OCoLC)784881245 035 $a(SSID)ssj0000672076 035 $a(PQKBManifestationID)11385278 035 $a(PQKBTitleCode)TC0000672076 035 $a(PQKBWorkID)10643881 035 $a(PQKB)11568394 035 $a(MiAaPQ)EBC618251 035 $a(Au-PeEL)EBL618251 035 $a(CaPaEBR)ebr10415986 035 $a(EXLCZ)992560000000052471 100 $a20100928d2006 uy 0 101 0 $aeng 135 $aurcn||||||||| 181 $ctxt 182 $cc 183 $acr 200 10$aArt of editing$b[electronic resource] /$fby Manohar Puri 210 $aNew Delhi $cPragun Publications$d2006 215 $a1 online resource (411 p.) 300 $aDescription based upon print version of record. 311 $a81-89645-21-8 320 $aIncludes bibliographical references (p. [383]-388) and index. 327 $aCOVER; CONTENTS; PREFACE; INTRODUCTION; SKILL FOR EDITING; EDITORIAL EXPRESSION; EDITOR'S QUALITIES; EDITOR AND COLLEAGUES; NEWS EDITOR'S JOB; EDITORIAL ETHICS; BIBLIOGRAPHY; INDEX 330 $aEditing is an art and it`s not everyone`s cup of tea. One has to have an extra eye to make out a seemingly right sentence, with a serious mistake deeply buried in it. A person drinking from the jar of editing should be equipped with the particular skill and up to date knowledge of his area of work. He should be innovative and creative, with always pursing fresh vistas of knowledge, through all the sources available. An editor is a person, who makes addition and edition is a person, who makes addition and edition on a well-written piece of literature, very often by renowned literary personalitie 606 $aJournalism$xEditing 608 $aElectronic books. 615 0$aJournalism$xEditing. 676 $a070.4/1 700 $aPuri$b Manohar$0891098 801 0$bMiAaPQ 801 1$bMiAaPQ 801 2$bMiAaPQ 906 $aBOOK 912 $a9910458582403321 996 $aArt of editing$92084707 997 $aUNINA LEADER 01249nam a2200289 i 4500 001 991000228509707536 008 040119s1998 paua b 000 0 eng d 020 $a0898714125 035 $ab12587345-39ule_inst 040 $aDip.to Matematica$beng 082 0 $a515.3520285$221 084 $aAMS 65L 084 $aLC QA372.A78 100 1 $aAscher, Uri M.$021815 245 10$aComputer methods for ordinary differential equations and differential-algebraic equations /$cUri M. Ascher, Linda R. Petzold 260 $aPhiladelphia :$bSociety for Industrial and Applied Mathematics,$cc1998 300 $axvii, 314 p. :$bill. ;$c25 cm 504 $aIncludes bibliographical references (p. 299-305) and index 650 0$aDifferential equations$xData processing 650 0$aDifferential-algebraic equations$xData processing 700 1 $aPetzold, Linda Ruth 907 $a.b12587345$b21-09-06$c19-01-04 912 $a991000228509707536 945 $aLE013 65L ASC12 (1998)$g1$i2013000144245$lle013$op$pE58.40$q-$rl$s- $t0$u3$v47$w3$x0$y.i13114323$z23-02-04 996 $aComputer methods for ordinary differential equations and differential-algebraic equations$9253287 997 $aUNISALENTO 998 $ale013$b19-01-04$cm$da $e-$feng$gpau$h0$i1